00915nam a2200241 i 4500003000900000005001700009007000300026008004100029040003000070082002000100100003800120245005300158264006200211300005200273336002700325337003400352338002800386590002700414910001400441942001300455952018800468999001700656DO-SdBNP20230907095747.0ta110413s1955 dr co 000 0 spa d aDO-SdBNPbspacBNPHUerda axxxxbB277p2221 aBarroso, Javierd1903-199098407510aPalacio de Colón : bmemoria /cJavier Barroso 1aCiudad Trujillo, República Dominicana :bCaribe,c1955. a47 páginas bretratos, fotografías c26 cm. 2rdacontentatextobtxt 2rdamediaasin mediación bn 2rdacarrieravolumenbnc aInventariado, 2023/ YL aYLockward 2ddccLF2 00102ddc51708DS-FRVaBNPHUbBNPHUcCTd2014-09-03eBarbara Suncarl0oxxxx B277pp2023-5688r2023-09-07w2023-09-07yLF2zPerteneció a la biblioteca personal de Bárbara Suncar c54648d54648